Statistics for Top 15 Countries with the most Artillery units

Click here to take the quiz!

General Stats

  • This quiz has been taken 64 times
  • The average score is 6 of 15

Answer Stats

AmountAnswer% Correct
18,497Russia
98%
13000North Korea
70%
7094China
63%
4243United States of America
57%
7468South Korea
54%
4873Iran
45%
4000Egypt
25%
2799India
25%
3745Pakistan
25%
3721Ukraine
20%
2524Vietnam
20%
3156Syria
16%
2521Turkey
16%
1162Greece
9%
1944Taiwan
9%

Score Distribution

Percentile by Number Answered

Percent of People with Each Score

Your Score History

You have not taken this quiz